000 00716nam a22001815i 4500
001 167430
003 ES-MaACL
005 20250723061853.0
008 050927s1881 sp | |||||||| ||spa d
040 _aCAM
_bspa
_cCAM
100 1 _aVida Vilches, Jerónimo,
_d1858-1915
_9114411
245 1 0 _aCarácter del derecho pretorio y su influjo en la legislación romana
_b: tésis doctoral /
_cpor Jerónimo Vida Vilches.
260 _aMadrid :
_b[s.n.],
_c1881 (
_eImprenta de Antonio Pérez Dubrull)
300 _a40 p. ;
_c25 cm.
650 0 7 _aDerecho romano
_2embne
_911764
852 _aES-MaACL
_jT-385-F-3
_z-- Enc. hol., falto de la enc. original
_z-- Enc. en un vol. facticio
999 _c167430
_d167430